| 000 | 00389nam a2200133Ia 4500 | ||
|---|---|---|---|
| 008 | 220214s9999 xx 000 0 und d | ||
| 100 | _aTung Wu Yun | ||
| 245 | 0 | _aSuitability of the areas on the Western part of Hainan island for PR 107 (Translation) | |
| 260 |
_bChinese Journal of Tropical Crops _c1982 |
||
| 300 | _a45p | ||
| 700 | _aChing Hu Tung | ||
| 700 | _aWu Li Te | ||
| 942 | _cRE | ||
| 999 |
_c45872 _d45872 |
||